[Event "Walsrode Chessemy op-A"]
[Site "Walsrode"]
[Date "2023.03.06"]
[Round "3"]
[White "Heldenbergh, Nils"]
[Black "Schwarz, Jochen"]
[Result "1-0"]
[WhiteElo "2141"]
[BlackElo "1921"]
[PlyCount "113"]
[EventDate "2023.03.04"]
[EventType "swiss"]
[EventRounds "9"]
[EventCountry "GER"]
[SourceTitle "CBM 213 Extra"]
[Source "ChessBase"]
[SourceDate "2023.05.31"]
[SourceVersion "1"]
[SourceVersionDate "2023.05.31"]
[SourceQuality "1"]

1. e4 c6 2. d4 d5 3. e5 c5 4. dxc5 Nc6 5. Bb5 e6 6. Be3 Bd7 7. Bxc6 Bxc6 8. Nf3 Nh6 9. Nd4 Qc7 10. f4 Bd7 11. b4 a5 12. c3 axb4 13. cxb4 b6 14. Nb3 Nf5 15. Bf2 Ba4 16. g4 Nh6 17. N1d2 bxc5 18. Bxc5 Bxc5 19. bxc5 f6 20. 0-0 f5 21. g5 Ng4 22. Qf3 Bb5 23. Rfc1 Ra3 24. h3 h5 25. Rc3 Ba6 26. Nd4 Nxe5 27. fxe5 Qxe5 28. N2b3 f4 29. h4 0-0 30. Qh3 Re8 31. Qf3 g6 32. Rcc1 Bc8 33. Re1 Qc7 34. Nb5 Qxc5+ 35. Nxc5 Rxf3 36. Nc7 Rf8 37. N7xe6 Bxe6 38. Nxe6 Rb8 39. Rab1 Ra8 40. Re2 Rg3+ 41. Kf2 Rh3 42. Nxf4 Rxh4 43. Nxd5 Rh2+ 44. Kf3 Rxe2 45. Kxe2 Rxa2+ 46. Kf3 Kf7 47. Rb7+ Ke6 48. Nf4+ Ke5 49. Rb5+ Kd6 50. Nxg6 Ra3+ 51. Kf4 Ra4+ 52. Kf5 Ra1 53. Kf6 Ra4 54. Rf5 Rb4 55. Rf4 Rb1 56. Rd4+ Kc5 57. Rh4 1-0

[Event "EU-ch Online U16"]
[Site "Tornelo INT"]
[Date "2020.09.18"]
[Round "1"]
[White "Heldenbergh, Nils"]
[Black "Larkin, Vladislav"]
[Result "0-1"]
[WhiteElo "1799"]
[BlackElo "2164"]
[PlyCount "66"]
[EventDate "2020.09.18"]
[EventType "swiss (rapid)"]
[EventRounds "9"]
[EventCountry "NET"]
[SourceTitle "EXT 2023"]
[Source "ChessBase"]
[SourceDate "2022.10.05"]
[SourceVersion "1"]
[SourceVersionDate "2022.10.05"]
[SourceQuality "1"]
[WhiteTeam "Belgien"]
[BlackTeam "Ukraine"]
[WhiteTeamCountry "BEL"]
[BlackTeamCountry "UKR"]

1. e4 c5 2. Nf3 e6 3. d4 cxd4 4. Nxd4 a6 5. Bd3 Qc7 6. 0-0 Nf6 7. Re1 Bd6 8. g3 h5 9. Bg5 Ng4 10. Nf5 Be5 11. h3 Nf6 12. Nxg7+ Kf8 13. Bxf6 Bxf6 14. Nxh5 Bxb2 15. Qg4 Bxa1 16. c3 Qe5 17. Nf4 Nc6 18. Qf3 Ke7 19. Re3 d6 20. Nd5+ Kf8 21. Nf4 Rh6 22. Bc2 Bd7 23. Nd3 Qg7 24. e5 Kg8 25. Re4 Kh8 26. Rg4 Qf8 27. exd6 e5 28. Rh4 Rxh4 29. gxh4 Qxd6 30. Qh5+ Kg7 31. Nc5 Qxc5 32. Qh7+ Kf6 33. Qf5+ Bxf5 0-1

[Event "EU-ch U12 27th"]
[Site "Mamaia"]
[Date "2017.09.08"]
[Round "4"]
[White "Sobek, Michal"]
[Black "Heldenbergh, Nils"]
[Result "1-0"]
[WhiteElo "1891"]
[BlackElo "1592"]
[PlyCount "61"]
[EventDate "2017.09.05"]
[EventType "swiss"]
[EventRounds "9"]
[EventCountry "ROU"]
[SourceTitle "CBM 180 Extra"]
[Source "ChessBase"]
[SourceDate "2017.10.06"]
[SourceVersion "1"]
[SourceVersionDate "2017.10.06"]
[SourceQuality "1"]

1. e4 e6 2. d4 d5 3. Nc3 Bb4 4. e5 c5 5. Qg4 Ne7 6. dxc5 Nbc6 7. Bd2 Ng6 8. Nf3 Bd7 9. Bd3 a6 10. 0-0 Bxc5 11. Rfe1 0-0 12. Qh5 Be7 13. Re2 b5 14. a3 Qb6 15. Bg5 Rac8 16. Ree1 Bc5 17. Bh4 Be7 18. Bxe7 Ncxe7 19. h4 h6 20. Qg4 Rfd8 21. Ne2 Be8 22. Ned4 Rc7 23. Re3 Rdc8 24. h5 Nf8 25. Nh4 Bd7 26. Rg3 g5 27. hxg6 Nfxg6 28. Bxg6 Nxg6 29. Nxg6 fxg6 30. Qxg6+ Kf8 31. Qf6+ 1-0

[Event "EU-ch U12 27th"]
[Site "Mamaia"]
[Date "2017.09.06"]
[Round "2"]
[White "Stefanou, Dimitrios"]
[Black "Heldenbergh, Nils"]
[Result "1-0"]
[WhiteElo "1834"]
[BlackElo "1592"]
[PlyCount "89"]
[EventDate "2017.09.05"]
[EventType "swiss"]
[EventRounds "9"]
[EventCountry "ROU"]
[SourceTitle "CBM 180 Extra"]
[Source "ChessBase"]
[SourceDate "2017.10.06"]
[SourceVersion "1"]
[SourceVersionDate "2017.10.06"]
[SourceQuality "1"]

1. c4 c5 2. g3 d6 3. Bg2 g6 4. Nf3 Bg7 5. Nc3 Nf6 6. 0-0 0-0 7. d3 Nc6 8. Bd2 a6 9. Rb1 Qc7 10. a3 b6 11. b4 Bb7 12. Bg5 e6 13. Qc1 Rfe8 14. h4 Ne7 15. bxc5 bxc5 16. Bxf6 Bxf6 17. Qf4 Bxf3 18. Qxf6 Bxg2 19. Kxg2 Rab8 20. h5 Nf5 21. g4 Qe7 22. Ne4 Rxb1 23. Rxb1 d5 24. gxf5 dxe4 25. Qxe7 Rxe7 26. f6 Re8 27. dxe4 gxh5 28. Kg3 h6 29. Kh4 Kh7 30. Kxh5 Rg8 31. f4 Rg2 32. Rb2 Rh2+ 33. Kg4 Kg6 34. e5 h5+ 35. Kg3 Rh1 36. Rb8 Kf5 37. Rf8 Kg6 38. Rg8+ Kf5 39. Rf8 Kg6 40. Rg8+ Kf5 41. Rg7 h4+ 42. Kg2 Re1 43. Kf2 Rc1 44. e3 Rc2+ 45. Kf3 1-0

[Event "BEL-ch op"]
[Site "Niel"]
[Date "2017.07.06"]
[Round "6"]
[White "Gitu, Paula Alexandra"]
[Black "Heldenbergh, Nils"]
[Result "1-0"]
[WhiteElo "1987"]
[BlackElo "1558"]
[PlyCount "49"]
[EventDate "2017.07.01"]
[EventType "swiss"]
[EventRounds "9"]
[EventCountry "BEL"]
[SourceTitle "EXT 2018"]
[Source "ChessBase"]
[SourceDate "2017.10.13"]
[SourceVersion "1"]
[SourceVersionDate "2017.10.13"]
[SourceQuality "1"]

1. e4 c5 2. Nf3 Nc6 3. Bb5 e6 4. Bxc6 bxc6 5. 0-0 Qc7 6. Nc3 Be7 7. d3 Nf6 8. Ne2 0-0 9. Ng3 d5 10. Qe2 Ba6 11. b3 Rfe8 12. Bd2 Nd7 13. Ng5 h6 14. Nh3 Kh7 15. f4 Bh4 16. c4 Bxg3 17. hxg3 Rad8 18. g4 Kg8 19. g5 Nb6 20. Qh5 f6 21. f5 Kh8 22. gxf6 dxe4 23. Ng5 Kg8 24. f7+ Kf8 25. Nxe6+ 1-0